| 000 | 00690cam a22002294a 4500 | ||
|---|---|---|---|
| 008 | |||
| 020 | _a0534409156 (hbk.) | ||
| 049 | _aMAIN | ||
| 090 |
_aQA184.2 _bJAI |
||
| 100 | 1 | _aJain, S. K. | |
| 245 | 1 | 0 |
_aLinear algebra : _ban interactive approach / _cS.K. Jain and A.D. Gunawardena. |
| 260 |
_aBelmont, CA : _bThompson-Brooks/Cole, _cc2004. |
||
| 300 |
_axiv, 418 p. : _bill. (some col.) ; _c25 cm. |
||
| 500 | _aIncludes index. | ||
| 650 | 0 | _aAlgebras, Linear. | |
| 700 | 1 | _aGunawardena, Ananda. | |
| 907 |
_a.b10312857 _b07-06-12 _c24-04-12 |
||
| 003 | |||
| 005 | 20250923190317.0 | ||
| 040 | _cNUST | ||
| 942 |
_cBOOKS _kQA184.2 _mJAI _01 |
||
| 999 |
_c141315 _d141315 |
||